| 000 | 00617cam a2200229 a 4500 | ||
|---|---|---|---|
| 020 | _a0155459872 | ||
| 040 | _cDLC | ||
| 082 | 0 | 0 | _a519 HAR 1991 A024 Or. |
| 100 | 1 | _aWelkowitz, Joan. | |
| 245 | 1 | 0 | _aIntroductory statistics for the behavioral sciences / |
| 250 | _a4th ed. | ||
| 260 |
_aSan Diego : _bHarcourt Brace Jovanovich, _cc1991. |
||
| 300 |
_axv, 391 p. : _bill. (some col.) ; _c25 cm. |
||
| 500 | _aIncludes index. | ||
| 650 | 0 | _aSocial sciences | |
| 650 | 0 | _aPsychometrics. | |
| 650 | 0 | _aSociology | |
| 650 | 0 | _aEducation | |
| 700 | 1 | _aEwen, Robert B., | |
| 700 | 1 | _aCohen, Jacob, | |
| 942 | _cEK | ||
| 999 |
_c13799 _d13799 |
||